Soil clay mineralogy: A symposium (Record no. 21025)

MARC details
000 -LEADER
fixed length control field 00318nam a2200121Ia 4500
082 ## - DEWEY DECIMAL CLASSIFICATION NUMBER
Classification number 631.442.4
Item number RIC
245 #0 - TITLE STATEMENT
Title Soil clay mineralogy: A symposium
260 ## - PUBLICATION, DISTRIBUTION, ETC. (IMPRINT)
Place of publication USA
Name of publisher University of North Carolina
Year of publication 1964
700 ## - ADDED ENTRY--PERSONAL NAME
Personal name Kunze, G W
700 ## - ADDED ENTRY--PERSONAL NAME
Personal name Rich, C I
942 ## - ADDED ENTRY ELEMENTS (KOHA)
Koha item type Books
Holdings
Withdrawn status Lost status Damaged status Not for loan Home library Current library Date acquired Cost, normal purchase price Full call number Accession Number Koha item type
        RRII Library RRII Library 16/12/2021 8.00 631.442.4 RIC 01747 Books